Histoire de la médecine clinique, depuis son origine jusqu'à nos jours, et recherches importantes sur l'existence, la nature et la communication des maladies syphilitiques dans les femmes enceintes, dans les enfants nouveaux-nés et dans les nourrices / (Record no. 158517)

MARC details
000 -LEADER
campo de control de longitud fija 01405nam a2200217 i 4500
001 - NÚMERO DE CONTROL
campo de control 158517
003 - IDENTIFICADOR DE NÚMERO DE CONTROL
campo de control ES-MaACL
005 - FECHA Y HORA DE LA ÚLTIMA TRANSACCIÓN
campo de control 20251118185420.0
008 - DATOS DE LONGITUD FIJA--INFORMACIÓN GENERAL
campo de control de longitud fija 021213s1804 fr |||| | fre d
040 ## - FUENTE DE CATALOGACIÓN
Centro catalogador/agencia de origen CCPB | B
Lengua de catalogación spa
Centro/agencia transcriptor CCPB | B
100 1# - ENTRADA PRINCIPAL--NOMBRE DE PERSONA
Nombre de persona Mahon, Paul Augustin Olivier,
Fechas asociadas al nombre 1752-1801
9 (RLIN) 129358
245 10 - MENCIÓN DEL TÍTULO
Título Histoire de la médecine clinique, depuis son origine jusqu'à nos jours, et recherches importantes sur l'existence, la nature et la communication des maladies syphilitiques dans les femmes enceintes, dans les enfants nouveaux-nés et dans les nourrices /
Mención de responsabilidad, etc. par P.-A.-O. Mahon ; et Manière de traiter les maladies syphilitiques dans les femmes enceintes, dans les enfants nouveaux-nés et dans les nourrices / par Louis Lamauve,...
260 ## - PUBLICACIÓN, DISTRIBUCIÓN, ETC.
Lugar de publicación, distribución, etc. A Paris :
Nombre del editor, distribuidor, etc. chez Buisson, libraire [etc.] ;
Lugar de publicación, distribución, etc. A Rouen,
Fecha de publicación, distribución, etc. An XII, 1804 (
Fabricante de l'imp. d'Ang. Lefebure ...)
300 ## - DESCRIPCIÓN FÍSICA
Extensión [12], 514 p. ;
Dimensiones 20 cm.
594 ## - Nota al título y mención de responsabilidad
Nota al título y mención de responsabilidad Tít. en antep.: "Oeuvres posthumes du docteur Mahon"
650 #7 - PUNTO DE ACCESO ADICIONAL DE MATERIA--TÉRMINO DE MATERIA
Término de materia o nombre geográfico como elemento de entrada Medicina clínica
Fuente del encabezamiento o término embne
9 (RLIN) 14921
650 04 - PUNTO DE ACCESO ADICIONAL DE MATERIA--TÉRMINO DE MATERIA
Término de materia o nombre geográfico como elemento de entrada Sífilis.
9 (RLIN) 17092
700 1# - ENTRADA AGREGADA--NOMBRE PERSONAL
Nombre de persona Lamauve, Louis César,
Fechas asociadas al nombre 1762-1821
9 (RLIN) 149702
852 ## - LOCALIZACIÓN
Ubicación ES-MaACL
Número de control de estantería R-2160
Nota libre -- Enc. hol. con puntas
Encuadernación -- Edic.: completar encabezamiento Mahon, Paul Agustin Olivier (tomado de BN Opale-Plus) -- Añadir en T260 A Rouen : Maison-Robert, imprimeur-libraire y en T300 [4] p. al final. Olim: G-14115.
Holdings
Estatus retirado Estado de pérdida Estado de daño No para préstamo Colección Biblioteca de origen Biblioteca actual Ubicación en estantería Fecha de adquisición Fuente de adquisición Total de préstamos Signatura topográfica completa Código de barras Visto por última vez Precio de reemplazo Tipo de ítem Koha
        Libros del s. XIX Biblioteca del Ateneo de Madrid Biblioteca del Ateneo de Madrid Depósito 17/01/2008     R-2160 1165915 23/02/2023 23/02/2023 Libro impreso antiguo